|
|
|
|
| LEADER |
01199nam a22003017a 4500 |
| 001 |
39569 |
| 003 |
BD-DhAAL |
| 008 |
220905t2021 SZ o 000|0|eng|d |
| 999 |
|
|
|c 44821
|d 44821
|
| 020 |
|
|
|a 9783030813765
|
| 020 |
|
|
|a 9783030813772 (eBook)
|
| 040 |
|
|
|a BD-DhAAL
|c BD-DhAAL
|
| 082 |
|
|
|a 792.01
|2 23
|
| 100 |
|
|
|a McConachie, Bruce A.,
|e author.
|9 51263
|
| 245 |
|
|
|a Drama, politics, and evolution :
|b cliodynamics in play /
|c Bruce McConachie.
|
| 260 |
|
|
|a Cham, Switzerland :
|b Palgrave Macmillan,
|c 2021.
|
| 300 |
|
|
|a xvii, 295 pages ;
|c 22 cm.
|
| 490 |
|
|
|a Cognitive studies in literature and performance.
|
| 526 |
|
|
|a ENH
|
| 541 |
|
|
|a Paragon Enterprises LTD
|e 39569
|
| 650 |
|
|
|a Theater and society.
|9 51264
|
| 650 |
|
|
|a Theater
|x History.
|9 51265
|
| 650 |
|
|
|a Theater
|x Political aspects.
|9 51266
|
| 650 |
|
|
|a Social evolution.
|9 51267
|
| 830 |
|
|
|a Cognitive studies in literature and performance.
|9 51268
|
| 852 |
|
|
|a Ayesha Abed Library
|c General Stacks
|
| 942 |
|
|
|2 ddc
|c BK
|
| 952 |
|
|
|0 0
|1 0
|2 ddc
|4 0
|6 792_010000000000000_MCC
|7 0
|9 71751
|a BRACUL
|b BRACUL
|c GEN
|d 2022-08-30
|e Paragon Enterprises LTD
|g 9000.00
|l 1
|m 1
|o 792.01 MCC
|p 3010039569
|r 2023-05-29
|s 2022-12-06
|t 1
|v 9000.00
|w 2022-08-30
|y BK
|